000 00356 a2200169 4500
001 126977
020 _a9780070890824
040 _cEscola Canadense de Niteroi
090 _aTeachers
100 _aDawn Lindenberg
245 1 0 _aScience Focus 9
260 _aCanada
362 0 _a2002
490 0 _aScience Focus
650 4 _aScience
942 _cBK
999 _c126977
_d126977